00295nam a22001217a 4500003000400000020001800004082001700022100002000039245001900059260006500078300001200143650001800155SGT a9781455756353 a617.63bO13S a Scott De Rossi aOrofacial Pain a Philadelphia, United StatesbHealth Sciences Divisionc2013 a383-559 aORAL SURGERY